Die Bestände des Archivs für Christlich-Demokratische Politik der Konrad-Adenauer-Stiftung e.V.
| Titel: | Die Bestände des Archivs für Christlich-Demokratische Politik der Konrad-Adenauer-Stiftung e.V. : Kurzübersicht ; [Veröffentlichung der Konrad-Adenauer-Stiftung] / hrsg. von Günter Buchstab |
|---|---|
| Beteiligt: | |
| Körperschaft: | |
| Ausgabe: | 5., aktualisierte Auflage |
| Veröffentlicht: | Sankt Augustin, 2004 |
| Umfang: | XXIII, 528, 56 Seiten ; 21 cm |
| Format: | Buch |
| Sprache: | Deutsch |
| RVK-Notation: |
·
·
|
| ISBN: | 3933714974 |
alg: 12822734 001A $03005:29-04-05 001B $01999:10-02-25 $t08:06:12.000 001D $03005:29-04-05 001U $0utf8 001X $00 002@ $0Aau 002C $aText $btxt $2rdacontent 002D $aohne Hilfsmittel zu benutzen $bn $2rdamedia 002E $aBand $bnc $2rdacarrier 003@ $0128227346 003O $0179725171 $aOCoLC 004A $03-933714-97-4 004K $09783933714978 007A $0128227346 $aHEB 007T $0ArchMa08976 010@ $ager 011@ $a2004 013D $RVerzeichnis $RKatalog $RInventur $#Inventories $#Inventaires $#Repertorium Inventar $#Bestandsverzeichnis Formschlagwort $#Findbuch Inventar $74027540-1 $8Inventar [Ts1] $9085070408 013D $RQuellenforschung $#History -- Sources $#Histoire -- Sources $#Akten Formschlagwort $#Augenzeugenbericht Formschlagwort $#Texte Formschlagwort $#Historische Quelle $#Geschichtsquelle $#Quellensammlung $#Quellen $74135952-5 $8Quelle [Ts1] $9085503576 021A $aDie @Bestände des Archivs für Christlich-Demokratische Politik der Konrad-Adenauer-Stiftung e.V. $dKurzübersicht ; [Veröffentlichung der Konrad-Adenauer-Stiftung] $hhrsg. von Günter Buchstab 028C $BHerausgeber $4edt $7108446832 $8Buchstab, Günter$Z1944- [Tp1] $9143213318 029A $RKonrad-Adenauer-Stiftung $#Konrad-Adenauer-Stiftung, Archiv für Christlich-Demokratische Politik $#Archive for Christian Democratic Politics $#Konrad-Adenauer-Stiftung, Archive for Christian Democratic Politics $#Konrad-Adenauer-Stiftung, Bereich Wissenschaftliche Dienste, Archiv für Christlich-Demokratische Politik $#ACDP $72042610-0 $8Archiv für Christlich-Demokratische Politik [Tb1] $904293155X 032@ $a5., aktualisierte Auflage 033A $pSankt Augustin 034D $aXXIII, 528, 56 Seiten 034I $a21 cm 044K $qDNB $RKonrad-Adenauer-Stiftung $#Konrad-Adenauer-Stiftung, Archiv für Christlich-Demokratische Politik $#Archive for Christian Democratic Politics $#Konrad-Adenauer-Stiftung, Archive for Christian Democratic Politics $#Konrad-Adenauer-Stiftung, Bereich Wissenschaftliche Dienste, Archiv für Christlich-Demokratische Politik $#ACDP $72042610-0 $8Archiv für Christlich-Demokratische Politik [Tb1] $904293155X 044K $qDNB $RChristlich-Demokratische Union $#CDU $#CDU $#Christlich-Demokratische Union Deutschland, Bundesrepublik $#Christlich-Demokratische Union Deutschland $#Unión Democrata Cristiana de Alemania $#Unione Cristiano-Democratica di Germania $#Christian Democratic Union of Germany $#Christian Democratic Union Deutschland, Bundesrepublik $#Union Démocrate-Chrétienne Allemande $#Union in Deutschland $#UiD $#Németországi Kereszténydemokrata Unió $#West-CDU $77230-8 $8Christlich-Demokratische Union Deutschlands [Tb1] $9040198502 045E $c320 $c020 045R $aGeschichte 045Z $8MG 15348 [Tkv] $9410456152 045Z $8ND 1470 [Tkv] $9410855472 045Z $8ND 1575 [Tkv] $9410855529 lok: 12822734 23 exp: 12822734 23 1 #EPN 201B/01 $012-05-20 $t13:31:16.000 201C/01 $005-12-06 201U/01 $0utf8 203@/01 $0492001928 208@/01 $a12-05-20 $bg 209A/01 $aAusgeschieden $dz $f024 $x00 237A/01 $aBestand nicht mehr verfügbar 247C/01 $8352024-9 <34/24>Kassel, UB Kassel, Standort Holländischer Platz $9102599459 247E/01 $an lok: 12822734 25 exp: 12822734 25 1 #EPN 201B/01 $008-05-25 $t17:51:10.000 201C/01 $003-02-09 201U/01 $0utf8 203@/01 $0566776812 208@/01 $a03-02-09 $bzip 209A/01 $aAr 106 d $ds $f088 $x00 209C/01 $aHSG 2008/244/VII 209G/01 $a76750074 $x00 209G/01 $aMittlere und Neuere Geschichte $x01 247C/01 $8651088-7 <77/088>Mainz, Universität Mainz, Bereichsbibliothek Philosophicum, Standort Mittlere und Neuere Geschichte $9102600376 lok: 12822734 59 exp: 12822734 59 1 #EPN 201B/01 $029-04-05 $t15:18:34.000 201C/01 $029-04-05 203@/01 $0246421851 208@/01 $a29-04-05 $bz 209A/01 $aAB 70.24, 5., aktual. Aufl. $ds $f106 $hAB 70 24 / A 5 $x00 209C/01 $aII 2005/182 $h2 2005 182 247C/01 $8358106-8Marburg, Bibliothek der Archivschule Marburg $910260097X 201U/01 $0utf8 lok: 12822734 105 exp: 12822734 105 1 #EPN 201B/01 $030-01-19 $t13:45:32.000 201C/01 $030-01-19 201U/01 $0utf8 203@/01 $0104228539X 208@/01 $a13-12-18 $be 209A/01 $a/ $f106 $x00 244Z/01 $aSt. Augustin $x01 245Z/01 $a3.13.02. $bArchivwesen des Bundes- und der deutschen Bundesländer / Nordrhein-Westfalen / Archive und Archivbestände $x01 247C/01 $8->Marburg, Bibliographie zum Archivwesen der Archivschule Marburg $939588196X
| LEADER | 00000cam a2200000 c 4500 | ||
|---|---|---|---|
| 001 | 128227346 | ||
| 003 | DE-603 | ||
| 005 | 20250210080612.0 | ||
| 007 | tu | ||
| 008 | 050429s2004 xx |||| | u00||u|ger c | ||
| 020 | |a 3933714974 | ||
| 024 | 3 | |a 9783933714978 | |
| 035 | |a (DE-599)HEB128227346 | ||
| 035 | |a (OCoLC)179725171 | ||
| 040 | |a DE-603 |b ger |c DE-603 |d DE-603 | ||
| 041 | |a ger | ||
| 084 | |a 320 |a 020 |q DE-101 |2 sdnb | ||
| 084 | |a MG 15348 |0 (DE-625)122818:12106 |0 (DE-603)410456152 |2 rvk | ||
| 084 | |a ND 1470 |0 (DE-625)124824: |0 (DE-603)410855472 |2 rvk | ||
| 084 | |a ND 1575 |0 (DE-625)124829: |0 (DE-603)410855529 |2 rvk | ||
| 110 | 2 | |a Archiv für Christlich-Demokratische Politik |0 (DE-603)04293155X |0 (DE-588)2042610-0 |2 gnd | |
| 245 | 0 | 0 | |a Die Bestände des Archivs für Christlich-Demokratische Politik der Konrad-Adenauer-Stiftung e.V. |b Kurzübersicht ; [Veröffentlichung der Konrad-Adenauer-Stiftung] |c hrsg. von Günter Buchstab |
| 250 | |a 5., aktualisierte Auflage | ||
| 264 | 1 | |a Sankt Augustin |c 2004 | |
| 300 | |a XXIII, 528, 56 Seiten |c 21 cm | ||
| 336 | |a Text |b txt |2 rdacontent | ||
| 337 | |a ohne Hilfsmittel zu benutzen |b n |2 rdamedia | ||
| 338 | |a Band |b nc |2 rdacarrier | ||
| 610 | 1 | 7 | |a Archiv für Christlich-Demokratische Politik |2 gnd |0 (DE-588)2042610-0 |0 (DE-603)04293155X |
| 610 | 1 | 7 | |a Christlich-Demokratische Union Deutschlands |2 gnd |0 (DE-588)7230-8 |0 (DE-603)040198502 |
| 648 | 7 | |a Geschichte |2 gnd | |
| 655 | 7 | |a Inventar |2 gnd-content |0 (DE-588)4027540-1 |0 (DE-603)085070408 | |
| 655 | 7 | |a Quelle |2 gnd-content |0 (DE-588)4135952-5 |0 (DE-603)085503576 | |
| 700 | 1 | |a Buchstab, Günter |d 1944- |e Herausgeber |4 edt |0 (DE-603)143213318 |0 (DE-588)108446832 |2 gnd | |
| 924 | 0 | |9 34/24 |a (DE-603)492001928 |b DE-34-24 |c HES |d d |g Ausgeschieden | |
| 924 | 0 | |9 77/088 |a (DE-603)566776812 |b DE-77-088 |c HES |d d |g Ar 106 d | |
| 924 | 0 | |9 Mb 106 |a (DE-603)246421851 |b DE-Mb106 |c HES |d c |g AB 70.24, 5., aktual. Aufl. | |
| 924 | 0 | |9 - |a (DE-603)104228539X |b DE- |c HES |d d |g / | |